000
00188 a2200097 4500
020
_a
9788437280103
041
_a
spa
100
_a
Hayes, Sarah
245
_a
La bella durmiente
942
_c
BK
999
_c
31966
_d
31964